Finančná analýza vybranej spoločnosti bakalárska práca

Gespeichert in:
Bibliographische Detailangaben
1. Verfasser: Tačarová, Natália
Körperschaft: Podnikovohospodárska fakulta EU so sídlom v Košiciach. Katedra finančného riadenia podniku
Weitere Verfasser: Lukáč, Jozef, 1991-
Format: Buch
Sprache:Slowakisch
Veröffentlicht: Košice 2017
Tags: Tag hinzufügen
Keine Tags, Fügen Sie das erste Tag hinzu!

MARC

LEADER 00000nbm a2200000 4500
001 0231597
005 20171113102928.4
041 0 |a slo 
044 |a SK 
245 1 0 |a Finančná analýza vybranej spoločnosti  |b bakalárska práca  |c Natália Tačarová ; školiteľ: Jozef Lukáč 
264 1 |a Košice  |c 2017 
300 |a 54 s. 
100 1 |a Tačarová, Natália 
700 1 |a Lukáč, Jozef, 1991- 
710 2 |a Podnikovohospodárska fakulta EU so sídlom v Košiciach. Katedra finančného riadenia podniku